000 00376nam a2200145Ia 4500
008 241014s9999||||xx |||||||||||||| ||und||
020 _a978-0-19-956929-8
100 _aThorogood , Margaret
245 0 _aEvaluating Health Promotion : practice and methods
250 _a3rd
260 _bOxford university press
300 _a220
650 _aResearch
942 _bSPH
_cBK
999 _c19353
_d19353